| 000 | 00814cam a2200265 a 4500 | ||
|---|---|---|---|
| 001 | 1385 | ||
| 005 | 20260401102745.0 | ||
| 020 | _a076361954X (alk. paper) | ||
| 020 | _a9780545110884 | ||
| 040 |
_aDLC _cDLC _dDLC |
||
| 050 | 0 | 0 |
_aPZ7.S1552 _bCp 2003 |
| 082 | 0 | 0 |
_a[E] _221 |
| 100 | 1 | _aSaltzberg, Barney | |
| 245 | 1 | 0 |
_aCrazy Hair Day / _cBarney Saltzberg. |
| 260 |
_aNew York : _bScholastic, _c2003 |
||
| 300 |
_a26 unnumbered pages : _bcolor illustrations ; _c28 cm. |
||
| 505 | _aK | ||
| 520 | _aStanley is excited about Crazy Hair Day at his school, until he discovers that he has gotten the date wrong. | ||
| 521 |
_a560
_bLexile |
||
| 521 |
_aK
_bRaz-Plus |
||
| 650 | 1 |
_aHair _vFiction. |
|
| 650 | 1 |
_aSchools _vFiction. |
|
| 906 |
_a7 _bcbc _corignew _d1 _eocip _f20 _gy-gencatlg |
||
| 942 |
_2ddc _cBK _n0 |
||
| 999 |
_c1385 _d1385 |
||